Contes fantastiques / (Record no. 155512)
[ view plain ]
| 000 -LEADER | |
|---|---|
| campo de control de longitud fija | 00945nam a22002415i 4500 |
| 001 - NÚMERO DE CONTROL | |
| campo de control | 155512 |
| 003 - IDENTIFICADOR DE NÚMERO DE CONTROL | |
| campo de control | ES-MaACL |
| 005 - FECHA Y HORA DE LA ÚLTIMA TRANSACCIÓN | |
| campo de control | 20260318063016.0 |
| 008 - DATOS DE LONGITUD FIJA--INFORMACIÓN GENERAL | |
| campo de control de longitud fija | 040721s1886 fr |||| | fre d |
| 040 ## - FUENTE DE CATALOGACIÓN | |
| Centro catalogador/agencia de origen | CAM |
| Lengua de catalogación | spa |
| Centro/agencia transcriptor | CAM |
| 100 1# - ENTRADA PRINCIPAL--NOMBRE DE PERSONA | |
| Nombre de persona | Hoffmann, Ernst T. A. |
| Fechas asociadas al nombre | 1776-1822 |
| Término indicativo de función/relación | Autor |
| 9 (RLIN) | 242917 |
| 245 10 - MENCIÓN DEL TÍTULO | |
| Título | Contes fantastiques / |
| Mención de responsabilidad, etc. | Hoffmann. |
| 250 ## - MENCION DE EDICION | |
| Mención de edición | Nouvelle éd. précédée d'une notice. |
| 260 ## - PUBLICACIÓN, DISTRIBUCIÓN, ETC. | |
| Lugar de publicación, distribución, etc. | Paris : |
| Nombre del editor, distribuidor, etc. | E. Dentu, |
| Fecha de publicación, distribución, etc. | 1886 |
| Fabricante | (Imp. Destenay) |
| 300 ## - DESCRIPCIÓN FÍSICA | |
| Extensión | 314, [2] páginas ; |
| Dimensiones | 19 cm. |
| 490 1# - MENCIÓN DE SERIE | |
| Mención de serie | Bibliothèque choisie des chefs-d'oeuvre français et étrangers ; |
| Designación de volumen o secuencia | 30 |
| 655 #4 - TERMINO DE INDIZACIÓN--GENERO/FORMA | |
| Fuente del término | tgfbne |
| 9 (RLIN) | 226829 |
| Datos o término principal de género/forma | Cuentos |
| 830 00 - PUNTO DE ACCESO ADICIONAL DE SERIE-TÍTULO UNIFORME | |
| Título uniforme | Bibliothèque choisie des chefs-d'oeuvre français et étrangers ; |
| Designación de volumen o secuencia | 30 |
| 9 (RLIN) | 221569 |
| 852 ## - LOCALIZACIÓN | |
| Ubicación | ES-MaACL |
| Ubicación en estantería | Sala Pecera Planta 2 |
| Anotaciones manuscritas | An. ms.: donación de A. Escobar |
| Donativo/Legado | Donativo de Antonio Escobar Laredo |
| Número de control de estantería | F-9115 |
| Encuadernación | Pasta española |
| 942 ## - ELEMENTOS DE ENTRADA SECUNDARIOS (KOHA) | |
| Fuente del sistema de clasificación o colocación | Clasificación decimal universal |
| Tipo de ítem Koha | Libro impreso antiguo |
| Suprimir en OPAC | No |
| Estatus retirado | Estado de pérdida | Fuente del sistema de clasificación o colocación | Estado de daño | No para préstamo | Colección | Biblioteca de origen | Biblioteca actual | Ubicación en estantería | Fecha de adquisición | Fuente de adquisición | Total de préstamos | Signatura topográfica completa | Código de barras | Visto por última vez | Tipo de ítem Koha |
|---|---|---|---|---|---|---|---|---|---|---|---|---|---|---|---|
| Clasificación decimal universal | Libros del s. XIX | Biblioteca del Ateneo de Madrid | Biblioteca del Ateneo de Madrid | Sala Pecera Planta 2 | 17/01/2008 | Donación | F-9115 | 1162669 | 23/02/2023 | Libro impreso antiguo |
